Normal view
MARC view
- MS-EM-2 MSTHESIS
Entry Topical Term
001 - CONTROL NUMBER
- control field: 72846
003 - CONTROL NUMBER IDENTIFIER
- control field: NUST
005 - DATE AND TIME OF LATEST TRANSACTION
- control field: 20210628204926.0
008 - FIXED-LENGTH DATA ELEMENTS
- fixed length control field: 210628|| aca||aabn | a|a d
040 ## - CATALOGING SOURCE
- Original cataloging agency: NUST
- Transcribing agency: NUST
150 ## - HEADING--TOPICAL TERM
- Topical term or geographic name entry element: MS-EM-2 MSTHESIS
670 ## - SOURCE DATA FOUND
- Source citation: Work cat.: (NUST): NUMERA TAHIR 72845, TH-SOF-0602-DEVELOPMENT OF A DECISION SUPPORT SYSTEM FOR INVENTORY ANALYSIS AND CONTROL, 2018
